=LDR 00000nam 2200000 4500 =001 INLIS000000000055106 =005 20200326120644 =035 ##$$a 0010-0320000213 =007 ta =008 200326################g##########0#ind## =020 ##$$a 978-602-8739-30-6 =082 ##$$a 297.352 07 =084 ##$$a 297.352 07 EFE =245 ##$$a Efekivitas kelompok bimbingan ibadah haji : $b Dalam memberikan pelayanan dan bimbingan terhadap jamaah haji =250 ##$$a cet.1 =260 ##$$a Jakarta :$b Badan Litbang dan Diklat Kementerian Agama,$c 2014 =300 ##$$a 216 hlm., : $b Ilus. ; $c 14 x 21 cm =700 #$$a editor, Koeswinarno =600 #4$$a Bimbingan Ibadah Haji =990 ##$$a 31500331